Statistics for Every Country in World War II

Click here to take the quiz!

General Stats

  • This quiz has been taken 44 times
  • The average score is 32 of 40

Answer Stats

Answer% Correct
Australia
97%
China
95%
France
95%
Germany
95%
Romania
95%
Soviet Union
95%
United Kingdom
95%
United States
95%
Greece
92%
Brazil
89%
Bulgaria
89%
Canada
89%
Finland
89%
Italy
89%
Japan
89%
New Zealand
89%
Norway
89%
Yugoslavia
89%
Belgium
86%
Netherlands
86%
Poland
86%
Denmark
84%
Hungary
84%
Albania
81%
South Africa
81%
Thailand
81%
Egypt
78%
Turkey
76%
Estonia
73%
Iraq
73%
Latvia
73%
Lithuania
73%
Luxembourg
73%
Mexico
70%
Czechoslovakia
62%
Mongolia
59%
Ethiopia
57%
Cuba
46%
Saudi Arabia
43%
Nepal
27%

Score Distribution

Percentile by Number Answered

Percent of People with Each Score

Your Score History

You have not taken this quiz